Szczegóły MARC21

Le nouveau dictionnaire des auteurs : de tous les tempes et de tous les pays. 1, A-F /

003 -Nazwa inst., której nr kontr. jest w polu 001 [,]
    • @
    • Nazwa instytucji, której n kontrolny jest w polu 001
    • NUKAT
005 -DATA I CZAS OSTATNIEJ MODYFIKACJI [,]
    • @
    • pole kontrolne
    • 20241231093610.0
020 -Międzynarod. znormalizowany nr książki - ISBN [ , ]
    • a
    • Numer ISBN
    • 2221077164 Find
    • q
    • Dopowiedzenie
    • tome 1
020 -Międzynarod. znormalizowany nr książki - ISBN [ , ]
    • a
    • Numer ISBN
    • 2221068882 Find
    • q
    • Dopowiedzenie
    • éd. compléte
040 -Instytucja sporządzająca opis [ , ]
    • a
    • Instytucja, która sporządziła opis (NP)
    • KR U/19AP
    • c
    • Instytucja, która sporządziła rekord (NP)
    • KR U/19AP
    • d
    • Instytucja, która zmodyfikowała rekord (P)
    • KR U/19AD
942 -Rodzaj dokumentu [ , ]
    • c
    • Rodzaj dokumentu
    • Książka
100 -Hasło główne - nazwa osobowa [1, ]
    • a
    • Nazwa osobowa (NP)
    • Laffont, Robert
    • d
    • Daty biograficzne (NP)
    • (1916-2010).
    • 9
    • KHW
    • 241954
245 -Strefa tytułu i oznaczenia odpowiedzialności [1,3]
    • a
    • Tytuł
    • Le nouveau dictionnaire des auteurs : Find
    • b
    • Ciąg dalszy tytułu (NP)
    • de tous les tempes et de tous les pays. Find
    • n
    • Oznaczenie części (P)
    • 1,
    • p
    • Nazwa części (P)
    • A-F /
    • c
    • Pozostałe elementy strefy tytułu i oznaczenia odpowiedzialności (NP)
    • Laffont, Bompiani ; [rédacteur de Paul de Roux].
250 -Strefa wydania [ , ]
    • a
    • Oznaczenie wydania (NP)
    • Nouvelle éd. actualisée, reimpression.
260 -Strefa adresu wydawniczego [ , ]
    • a
    • Miejsce wydania (P)
    • [Paris] :
    • b
    • Nazwa wydawcy (P)
    • Robert Laffont,
    • c
    • Data wydania (P)
    • 1998.
300 -Strefa opisu fizycznego [ , ]
    • a
    • Określenie formy książki i/lub objętość (NP)
    • XXXI, [1], 1166 s. ;
    • c
    • Format (NP)
    • 20 cm.
336 -Typ zawartości [ , ]
    • a
    • Termin opisujący typ zawartości
    • Tekst
    • b
    • Kod określający zawartość
    • txt
    • 2
    • Źródło (terminu i kodu)
    • rdacontent
337 -Typ mediów [ , ]
    • a
    • Tryb odtwarzania
    • Bez urządzenia pośredniczącego
    • b
    • Kod typu mediów
    • n
    • 2
    • Źródło (terminu i kodu)
    • rdamedia
338 -Typ/rodzaj nośnika [ , ]
    • a
    • Hasło opisujące typ nośnika
    • Wolumin
    • b
    • Kod typu nośnika
    • nc
    • 2
    • Źródło (terminu i kodu)
    • rdacarrier
490 -Strefa serii i książki wielotomowej - forma nie do wyszukiwania [1, ]
    • a
    • Tytuł (P)
    • Bouquins Find
830 -Hasło dodatkowe serii i opisu książki wielotomowej - tytuł ujednolicony/tytuł [ ,0]
    • a
    • Tytuł ujednolicony/tytuł (NP)
    • Bouquins
    • x
    • ISSN
    • 0244-5913
    • 9
    • KHW
    • 427082
080 -Uniwersalna Klasyfikacja Dziesiętna [ , ]
    • a
    • Symbol klasyfikacji
    • 840(091)(038)=40
080 -Uniwersalna Klasyfikacja Dziesiętna [ , ]
    • a
    • Symbol klasyfikacji
    • :929(44)(038)=40
980 -Symbol UKD [ , ]
    • a
    • UKD
    • 840(091)(038)=40:929(44)(038)=40
700 -Hasło dodatkowe - nazwa osobowa [1, ]
    • a
    • Nazwa osobowa (NP)
    • Bompiani, Valentino Find
    • d
    • Daty biograficzne (NP)
    • (1898-1992).
    • 9
    • KHW
    • 314669
700 -Hasło dodatkowe - nazwa osobowa [1, ]
    • a
    • Nazwa osobowa (NP)
    • Roux, Paul de. Find
    • e
    • Określenie rodzaju współpracy
    • Red.
    • 9
    • KHW
    • 647403
920 -ISBN [ , ]
    • a
    • ISBN
    • 2-221-07716-4 Find
    • q
    • Dopowiedzenie
    • tome 1
920 -ISBN [ , ]
    • a
    • ISBN
    • 2-221-06888-2 Find
    • q
    • Dopowiedzenie
    • éd. compléte
Numer inwentarzowy Sygnatura Status udost. Lokalizacja Data inwentaryzacji
A.6737FR. Kulturoznawstwo 031BM2002-10-14